[Event "Mistrzostwa Polski Juniorow do lat 16 - Chlopcy"]
[Site "Ustron – Jaszowiec"]
[Date "1899-12-30"]
[Round "9.10"]
[White "Kozak, Antoni"]
[Black "Polczyk, Mikolaj"]
[Result "0-1"]
[WhiteTitle "k"]
[BlackTitle "I"]
[WhiteElo "2127"]
[BlackElo "1889"]

1. e4 e5 2. Nf3 Nc6 3. Nc3 Nf6 4. Bb5 Nd4 5. O-O Nxb5 6. Nxb5 c6 7. Nc3 d6 8. d4
Qc7 9. Bg5 Be7 10. a4 O-O 11. Qd3 Bg4 12. Bxf6 Bxf6 13. d5 c5 14. Nd2 Qe7 15.
Nc4 Rad8 16. Rab1 Bg5 17. b4 cxb4 18. Rxb4 Bc8 19. Rfb1 f5 20. Na5 Rf7 21. exf5
Bxf5 22. Ne4 Bxe4 23. Rxe4 Qf6 24. Qe2 b6 25. Nc6 Rdf8 26. f3 Bf4 27. g3 Bg5 28.
Rb3 h5 29. a5 bxa5 30. Ra4 Qf5 31. Nxa5 h4 32. Nc4 Rf6 33. g4 Qf4 34. Qe3 Qxe3+
35. Nxe3 g6 36. Ng2 Rxf3 37. Rxf3 Rxf3 38. h3 Rxh3 39. Rxa7 Rc3 40. Rd7 Rxc2 41.
Rxd6 Kf7 42. Rd7+ Kf6 43. Rd6+ Kf7 44. Rd7+ Kf6 45. Rd6+ Kg7 46. Rc6 Rd2 47. Rc3
Rxd5 48. Kh2 Bf4+ 49. Kh3 g5 50. Ra3 Rd1 51. Nxf4 exf4 52. Ra7+ Kf6 53. Ra6+ Ke7
54. Ra7+ Ke6 55. Ra5 Rd5 56. Ra6+ Ke5 57. Rg6 Ke4 58. Re6+ Kf3 59. Re1 Kf2 60.
Rg1 Rd3+ 0-1

[Event "Mistrzostwa Polski Juniorow do lat 16 - Chlopcy"]
[Site "Ustron – Jaszowiec"]
[Date "1899-12-30"]
[Round "9.11"]
[White "Lukasiewicz, Krzysztof"]
[Black "Ochowicz, Jakub"]
[Result "1-0"]
[WhiteTitle "k"]
[BlackTitle "I++"]
[WhiteElo "2123"]
[BlackElo "1874"]

1. e4 c5 2. Nf3 d6 3. d4 cxd4 4. Nxd4 Nf6 5. Nc3 Nc6 6. Bc4 e6 7. O-O Be7 8. Be3
Bd7 9. Bb3 Na5 10. f4 Nxb3 11. axb3 Bc6 12. Nxc6 bxc6 13. e5 Nd5 14. Nxd5 cxd5
15. f5 dxe5 16. fxe6 f6 17. Qh5+ g6 18. Qh6 Bf8 19. Qh4 Bg7 20. Qa4+ Kf8 21. Qc6
Rc8 22. Bc5+ Kg8 23. e7 Qe8 24. Qe6+ 1-0

[Event "Mistrzostwa Polski Juniorow do lat 16 - Chlopcy"]
[Site "Ustron – Jaszowiec"]
[Date "1899-12-30"]
[Round "9.12"]
[White "Wierzbicki, Michal"]
[Black "Fus, Jakub"]
[Result "0-1"]
[WhiteTitle "I"]
[BlackTitle "I++"]
[WhiteElo "1828"]
[BlackElo "2054"]

1. d4 Nf6 2. Nf3 g6 3. c4 Bg7 4. Nc3 O-O 5. e4 d6 6. Be2 Nbd7 7. O-O e5 8. Re1
c6 9. Bf1 Re8 10. d5 c5 11. a3 Rf8 12. b4 Ne8 13. Be3 h6 14. bxc5 Nxc5 15. Qc2
b6 16. Bxc5 bxc5 17. Rab1 f5 18. Nd2 f4 19. Rb3 g5 20. Reb1 g4 21. Ne2 h5 22.
Rc3 Bh6 23. f3 Rf7 24. Kh1 Bd7 25. Qb2 Rg7 26. Ng1 Bg5 27. Nb3 Bh4 28. Rc2 Bg3
29. h3 Qh4 30. Nxc5 dxc5 31. Qxe5 gxh3 32. Nxh3 Bxh3 33. gxh3 Bf2 34. Qe6+ Kh7
35. Qf5+ Kh6 36. Rxf2 Qxf2 37. Qxf4+ Rg5 38. Qh2 Qxf3+ 39. Bg2 Qf6 40. Rf1 Qd6
0-1

[Event "Mistrzostwa Polski Juniorow do lat 16 - Chlopcy"]
[Site "Ustron – Jaszowiec"]
[Date "1899-12-30"]
[Round "9.13"]
[White "Godzwon, Iwo"]
[Black "Tustanowski, Mateusz"]
[Result "0-1"]
[WhiteTitle "k"]
[BlackTitle "I++"]
[WhiteElo "2022"]
[BlackElo "1880"]

1. e4 e5 2. Nf3 Nc6 3. Bb5 Bc5 4. c3 f5 5. Bxc6 dxc6 6. Qe2 Qe7 7. d3 Nf6 8. exf5
e4 9. dxe4 Qxe4 10. Bf4 O-O 11. Qxe4 Nxe4 12. O-O Bd6 13. Bxd6 cxd6 14. g4 g6
15. Nbd2 gxf5 16. g5 Kg7 17. h4 Kg6 18. Kg2 Kh5 19. Rh1 Be6 20. Rae1 Rae8 21.
c4 d5 22. Nd4 Bg8 23. Nf1 dxc4 24. f3 Nd6 25. Ng3+ Kg6 26. Nde2 f4 27. Nf1 c3
28. bxc3 Bxa2 29. Nd2 Kg7 30. Kf2 Bd5 31. Ra1 a6 32. Ra4 Kg8 33. Rg1 c5 34. Rg4
c4 35. Nxf4 Bc6 36. Ra1 Bd7 37. Nd5 Bxg4 38. Nf6+ Rxf6 39. gxf6 Bf5 0-1

[Event "Mistrzostwa Polski Juniorow do lat 16 - Chlopcy"]
[Site "Ustron – Jaszowiec"]
[Date "1899-12-30"]
[Round "9.14"]
[White "Jarzebowski, Kacper"]
[Black "Sloniewski, Michal"]
[Result "1-0"]
[WhiteTitle "I++"]
[BlackTitle "I"]
[WhiteElo "1820"]
[BlackElo "1679"]

1. d3 c5 2. g3 g6 3. Bg2 Bg7 4. e4 Nc6 5. Ne2 Nf6 6. O-O O-O 7. h3 Rb8 8. c3 d6
9. f4 Qc7 10. a4 a6 11. Be3 Nd7 12. d4 b5 13. axb5 axb5 14. Nd2 b4 15. d5 Na5
16. Qa4 bxc3 17. bxc3 Ra8 18. Qc2 Nb6 19. Rfb1 Bd7 20. Qd3 Rfb8 21. Ra2 Na4 22.
Rxb8+ Qxb8 23. Qc2 Qb5 24. Bf1 Nc4 25. Nxc4 Qxc4 26. Nd4 Qxa2 27. Qxa2 cxd4 28.
Bxd4 Bxd4+ 29. cxd4 Rc8 30. e5 Rc1 31. Kf2 Nc3 32. Qa8+ Kg7 33. e6 fxe6 34. Qd8
Ne4+ 35. Kg2 Rc2+ 36. Kg1 Bc8 37. Qxe7+ Kh6 38. g4 g5 39. fxg5+ Kg6 40. Bd3 Rc1+
41. Kg2 1-0

[Event "Mistrzostwa Polski Juniorow do lat 16 - Chlopcy"]
[Site "Ustron – Jaszowiec"]
[Date "1899-12-30"]
[Round "9.15"]
[White "Paliwoda, Borys"]
[Black "Sernecki, Franciszek"]
[Result "0-1"]
[WhiteTitle "II+"]
[BlackTitle "I"]
[WhiteElo "1819"]
[BlackElo "2151"]

1. e4 c5 2. Nf3 Nc6 3. d4 cxd4 4. Nxd4 Nf6 5. f3 e6 6. c4 Nxe4 7. Nxc6 Qh4+ 8.
g3 Nxg3 9. hxg3 Qxh1 10. Nd4 Qh2 11. Ne2 Bc5 12. Kd2 b5 13. cxb5 Bb7 14. f4 Rc8
15. Nbc3 d5 16. Kd3 Qf2 17. b4 Bxb4 18. Be3 Qf3 19. Rc1 d4 20. Kxd4 0-1

[Event "Mistrzostwa Polski Juniorow do lat 16 - Chlopcy"]
[Site "Ustron – Jaszowiec"]
[Date "1899-12-30"]
[Round "9.16"]
[White "Marczak, Szymon"]
[Black "Laszczak, Przemyslaw"]
[Result "1-0"]
[WhiteTitle "I"]
[BlackTitle "I+"]
[WhiteElo "1839"]
[BlackElo "1944"]

1. e4 c5 2. Nf3 d6 3. Bb5+ Bd7 4. c4 g6 5. d4 cxd4 6. Nxd4 Bg7 7. Nc3 Nf6 8. f3
O-O 9. Be3 a6 10. Bxd7 Qxd7 11. Qc2 Nc6 12. Rc1 e6 13. O-O Nxd4 14. Bxd4 b5 15.
cxb5 axb5 16. a3 Rfc8 17. Rfd1 Ne8 18. Bxg7 Kxg7 19. Qd3 Rab8 20. Na2 Qa7+ 21.
Qd4+ Qxd4+ 22. Rxd4 Rxc1+ 23. Nxc1 Rc8 24. Na2 Rc4 25. Rxc4 bxc4 26. Kf2 Nc7 27.
Ke3 e5 28. Kd2 d5 29. exd5 Nxd5 30. Nc3 Nc7 31. a4 Kf6 32. Nb5 Na6 33. Kc3 Nc5
34. a5 Na6 35. Kxc4 Ke6 36. b4 f5 37. Nc3 Kd6 38. b5 Nb8 39. a6 Nd7 40. Nd5 e4
41. a7 e3 42. a8=Q 1-0

[Event "Mistrzostwa Polski Juniorow do lat 16 - Chlopcy"]
[Site "Ustron – Jaszowiec"]
[Date "1899-12-30"]
[Round "9.17"]
[White "Kawalko, Adam"]
[Black "Filewicz, Radoslaw"]
[Result "0-1"]
[WhiteTitle "I"]
[BlackTitle "I"]
[WhiteElo "1814"]
[BlackElo "1850"]

1. e4 d5 2. exd5 Qxd5 3. Nc3 Qd8 4. d4 Nf6 5. Bf4 c6 6. Nf3 Bg4 7. Be2 e6 8. O-O
Be7 9. h3 Bxf3 10. Bxf3 Nbd7 11. Re1 O-O 12. Ne4 Nxe4 13. Bxe4 Nf6 14. c4 Nxe4
15. Rxe4 Qb6 16. b3 Rad8 17. Be3 Bf6 18. Qg4 Qa5 19. h4 Qf5 20. Rd1 Rd7 21. Bg5
Bxg5 22. hxg5 Qxg4 23. Rxg4 Rfd8 24. Re4 Kf8 25. b4 b5 26. cxb5 cxb5 27. Re5 Rd5
28. Rxd5 Rxd5 29. f4 Rd6 30. Rd3 Rc6 31. a3 Ke7 32. Kf2 Rc2+ 33. Kf3 Kd6 34. Ke4
Re2+ 35. Kf3 Rc2 36. Ke4 Rxg2 37. Rc3 Re2+ 38. Kf3 Rh2 39. Ke4 Re2+ 40. Kf3 Ra2
41. Ke4 h5 42. Rh3 g6 43. Rc3 a6 44. Ke3 Ra1 45. Ke4 Re1+ 46. Kf3 Rh1 47. Ke4
h4 48. Re3 h3 49. Kf3 Rf1+ 50. Kg3 h2 0-1

[Event "Mistrzostwa Polski Juniorow do lat 16 - Chlopcy"]
[Site "Ustron – Jaszowiec"]
[Date "1899-12-30"]
[Round "9.18"]
[White "Dytman, Radoslaw"]
[Black "Namyslak, Piotr"]
[Result "1-0"]
[WhiteTitle "I"]
[BlackTitle "I"]
[WhiteElo "1521"]
[BlackElo "1866"]

1. Nf3 Nf6 2. g3 Nc6 3. d4 d5 4. Bg2 Bf5 5. c4 e6 6. O-O dxc4 7. Qa4 Be4 8. Nc3
Bxf3 9. Bxf3 Qd7 10. Rd1 Nd5 11. Qb5 O-O-O 12. e3 h5 13. Qxc4 g5 14. Qe2 g4 15.
Bg2 Bg7 16. Bd2 f5 17. Rac1 h4 18. Nxd5 exd5 19. Rc5 Qe6 20. Qb5 Ne7 21. Rdc1
c6 22. Qa4 Kb8 23. R1c3 Nc8 24. Qb3 Nb6 25. Rc2 Nc4 26. R2xc4 dxc4 27. Qa4 Bf8
28. Re5 Qf7 29. Ba5 Bd6 30. Bxd8 Bxe5 31. Bxh4 Bc7 32. Bf1 b5 33. Qa6 Bb6 34.
a4 Qb7 35. axb5 Qxa6 36. bxa6 Bd8 37. Bxd8 Rxd8 38. Bxc4 Kc7 39. Kg2 Kd6 40. h3
gxh3+ 41. Kxh3 Rh8+ 42. Kg2 Ke7 43. b3 Kf6 44. f3 Kg5 45. d5 cxd5 46. Bxd5 Rh6
47. f4+ Kf6 48. b4 Ke7 49. b5 Kd6 50. Bc6 Kc5 51. Kf3 Rh7 52. e4 fxe4+ 53. Kxe4
Rg7 54. Kf3 Re7 55. g4 Re1 56. g5 Rb1 57. Kg4 Kd6 58. Kh5 Ke7 59. Kg6 Kf8 60.
f5 Rd1 61. Kf6 Kg8 62. Ke6 Re1+ 63. Kd6 Rf1 64. Bd7 Rc1 65. Bc6 Rd1+ 66. Ke7 Rf1
67. b6 Rxf5 68. bxa7 1-0

[Event "Mistrzostwa Polski Juniorow do lat 16 - Chlopcy"]
[Site "Ustron – Jaszowiec"]
[Date "1899-12-30"]
[Round "9.19"]
[White "Radecki, Adam"]
[Black "Posluszny, Tomasz"]
[Result "1-0"]
[WhiteTitle "I"]
[BlackTitle "I"]
[WhiteElo "1712"]
[BlackElo "1798"]

1. e4 c5 2. Nf3 e6 3. d4 cxd4 4. Nxd4 Nf6 5. Nc3 Nc6 6. Nxc6 bxc6 7. e5 Nd5 8.
Ne4 Qa5+ 9. c3 f5 10. exf6 Nxf6 11. Nxf6+ gxf6 12. Bf4 Qf5 13. Qd2 e5 14. Be3
d5 15. Bd3 Qh5 16. f3 Be6 17. O-O-O Rb8 18. Rhe1 c5 19. f4 e4 20. Be2 Qf7 21.
g4 Qc7 22. f5 Bf7 23. Bf4 Bd6 24. Bxd6 Qxd6 25. Bc4 Qb6 26. Rxe4+ Kf8 27. Qh6+
Kg8 28. Re2 dxc4 29. g5 fxg5 30. f6 1-0

[Event "Mistrzostwa Polski Juniorow do lat 16 - Chlopcy"]
[Site "Ustron – Jaszowiec"]
[Date "1899-12-30"]
[Round "9.20"]
[White "Kukorowski, Jan"]
[Black "Mietkiewicz, Jacek"]
[Result "1/2-1/2"]
[WhiteTitle "I"]
[BlackTitle "I"]
[WhiteElo "1709"]
[BlackElo "1845"]

1. e4 e6 2. d4 d5 3. e5 c5 4. c3 Nc6 5. Nf3 Qb6 6. a3 Nh6 7. b4 cxb4 8. cxb4 Nf5
9. Be3 Bd7 10. Bd3 Nxe3 11. fxe3 Be7 12. O-O Rc8 13. Nbd2 O-O 14. Nb3 a5 15. Nc5
Rc7 16. Na4 Qa7 17. b5 b6 18. bxc6 Bxc6 19. Nc3 Rfc8 20. a4 h6 21. Qb3 Bb4 22.
Ne2 Bd7 23. Rac1 Qb7 24. Rxc7 Rxc7 25. Ne1 b5 26. axb5 Bxb5 27. Bxb5 Qxb5 28.
Nd3 Rb7 29. Rb1 Qc4 30. Nc5 Rc7 31. Kf2 Bxc5 32. Qxc4 dxc4 33. dxc5 Rxc5 34. Rb8+
Kh7 35. Nc3 Rxe5 36. Rc8 Rf5+ 37. Ke2 Rh5 38. h3 Rg5 39. g4 h5 40. Rxc4 hxg4 41.
hxg4 Kg6 42. Nb1 Rb5 43. Nd2 f5 44. gxf5+ exf5 45. Ra4 Kf6 46. Kd3 g5 47. Nc4
f4 48. exf4 gxf4 49. Nxa5 Kg5 50. Ke4 Kg4 51. Nc4 Rb3 52. Ra8 f3 53. Rg8+ Kh3
54. Ne3 f2 55. Rf8 Rb2 56. Kf3 Kh2 57. Rh8+ Kg1 58. Rg8+ Kh1 59. Nf1 Ra2 60. Rd8
Kg1 61. Rd1 Ra3+ 62. Ne3+ f1=Q+ 63. Rxf1+ Kh2 64. Rc1 Rb3 65. Rc4 Kh3 66. Rc8
Kh4 67. Rg8 Ra3 68. Kf4 Ra4+ 69. Ke5 Ra5+ 70. Nd5 1/2-1/2